Revista del Museo e Instituto Arqueológico / (Record no. 21866)

000 -CABECERA
fixed length control field 02039nam a22003137a 4500
003 - IDENTIFICADOR DEL NÚMERO DE CONTROL
control field AR-CdUCM
008 - DATOS DE LONGITUD FIJA--INFORMACIÓN GENERAL
fixed length control field 190425b ||||| |||| 00| 0 spa d
040 ## - FUENTE DE LA CATALOGACIÓN
Agencia/entidad que catalogó originalmente la obra MUNICIPALIDAD PROVINCIAL DEL CUSCO
Entidad que transcribió la catalogación BIBLIOTECA MUNICIPAL DEL CUSCO
082 ## - NÚMERO DE LA CLASIFICACIÓN DECIMAL DEWEY
No. de Clasificación Rev.DIMA/N°18/1959
110 ## - ENTRADA PRINCIPAL--NOMBRE DE ENTIDAD CORPORATIVA
Nombre de la institución, jurisdicción como entrada principal Instituto y Museo Arqueológico de la Universidad Nacional del Cuzco
9 (RLIN) 46550
245 ## - MENCIÓN DE TÍTULO
Título Revista del Museo e Instituto Arqueológico /
Mención de responsabilidad Luis A. Pardo, director, Universidad Nacional del Cuzco
260 ## - PUBLICACIÓN, DISTRIBUCIÓN, ETC.
Lugar de publicación, distribución, etc. Cusco :
Nombre de la editorial, distribuidor, etc. H.G. Rozas,
Fecha de publicación, distribución, etc. 1959.
300 ## - DESCRIPCIÓN FÍSICA
Nº de Páginas Extensión 136 páginas. :
Otros detalles físicos ilustraciones, 1 plano ;
Dimensiones 21 cm.
440 ## - MENCIÓN DE SERIE/PUNTO DE ACCESO ADICIONAL--TÍTULO
Título Revista del Museo e Instituto Arqueológico.
Número de la parte/sección de una obra Año XI, 1959. N°18.
9 (RLIN) 46556
505 ## - NOTA DE CONTENIDO CON FORMATO
Nota de contenido formateada Contenido: Homenaje a Pault Rivet en el primer aniversario de su muerte. Luis A. Pardo. -- Los orígenes del hombre americano exposición sintética. Luis A. Pardo. -- Comprobaciones del Arte militar incaico y características principales. Felipe de la Barra. -- Piki Llacta ciudad de pósitos y bastimentos. Emilio Harth Terré. -- Dos inéditos e interesantes documentos sobre la Universidad Nacional de San Antonio Abad del Cuzco. Manuel E. Cuadros. -- El brigadier don Mateo García Pumacahua y el padre maestro Fray Juan Hurtado, O.P. Misionero del Oriente del Perú. Ambrosio Morales O.P. -- La cadena de oro de Huáscar. Carlos Galimberti Miranda. -- La cultura pre incaica de Chanapata. Jorge Yábar Moreno. -- Informe del Museo e Instituto Arqueológico. Luis A. Pardo. -- Orígenes del Cuzco. Jacinto Jijón y Caamaño.
650 ## - PUNTO DE ACCESO ADICIONAL DE MATERIA--TÉRMINO DE MATERIA
Descriptor Arqueología cusqueña
9 (RLIN) 9322
650 ## - PUNTO DE ACCESO ADICIONAL DE MATERIA--TÉRMINO DE MATERIA
Descriptor Historia del Cusco
9 (RLIN) 1714
650 ## - PUNTO DE ACCESO ADICIONAL DE MATERIA--TÉRMINO DE MATERIA
Descriptor Pikillaqta
9 (RLIN) 46557
650 ## - PUNTO DE ACCESO ADICIONAL DE MATERIA--TÉRMINO DE MATERIA
Descriptor Culturas pre-inkas
9 (RLIN) 46558
650 ## - PUNTO DE ACCESO ADICIONAL DE MATERIA--TÉRMINO DE MATERIA
Descriptor Origen del Cusco
9 (RLIN) 46559
650 ## - PUNTO DE ACCESO ADICIONAL DE MATERIA--TÉRMINO DE MATERIA
Descriptor Mateo Pumcahua
9 (RLIN) 46560
700 ## - PUNTO DE ACCESO ADICIONAL--NOMBRE DE PERSONA
Nombre Personal Pardo, Luis A
9 (RLIN) 25736
700 ## - PUNTO DE ACCESO ADICIONAL--NOMBRE DE PERSONA
Nombre Personal Harth Terré, Emilio
9 (RLIN) 46011
700 ## - PUNTO DE ACCESO ADICIONAL--NOMBRE DE PERSONA
Nombre Personal Yábar Moreno, Jorge
9 (RLIN) 46561
700 ## - PUNTO DE ACCESO ADICIONAL--NOMBRE DE PERSONA
Nombre Personal Galimberti Miranda, Carlos
9 (RLIN) 46555
710 ## - PUNTO DE ACCESO ADICIONAL--NOMBRE DE ENTIDAD CORPORATIVA
Nombre corporativo (En letras Mayúsculas) Universidad Nacional de San Antonio Abad del Cusco
9 (RLIN) 15942
942 ## - ELEMENTOS DE PUNTO DE ACCESO ADICIONAL (KOHA)
Fuente de clasificación
Tipo de item Revistas cusqueñas
945 ## - PROCESAMIENTO DE INFORMACIÓN LOCAL (OCLC)
Catalogador rac
Holdings
Estado de retiro (separado) Fuente de clasificación o esquema de estanterías Estado dañado Ubicación Sala donde se ubica Nombre de la colección Fecha de adquisición o compra Costo, precio normal en soles Signatura topográfica Código de Barras Última vez visto (Koha) Tipo de ítem (Koha)
No     Sala Hemeroteca Sala Hemeroteca Book Cart 2021-08-31 10.00 Rev.DIMA/N°18/1959 REVC000355 2021-08-31 Revistas cusqueñas
No     Sala Hemeroteca Sala Hemeroteca Book Cart 2021-08-31 10.00 Rev.DIMA/N°18/1959/e.2 REVC000356 2021-08-31 Revistas cusqueñas

Powered by Koha